| 000 | 00650nam a22001937a 4500 | ||
|---|---|---|---|
| 005 | 20250319085622.0 | ||
| 008 | 250203b |||||||| |||| 00| 0 eng d | ||
| 020 | _a9786214182084 | ||
| 082 | _aDFil 796.8 T299 2021 | ||
| 100 |
_a Teves, Marlon L. _91977 |
||
| 245 |
_aMixed martial arts : _bfor criminology students and law enforcers / _cMarlon L. Teves. |
||
| 250 | _aSecond edition. | ||
| 260 |
_aQuezon City : _bWiseman's Books Trading, Inc., _c©2021. |
||
| 300 |
_aix, 92 pages : _billustrations ; _c22 cm. |
||
| 500 | _aIncludes bibliography. | ||
| 650 | 0 |
_aMartial arts. _965737 |
|
| 650 | 0 |
_aMixed martial arts. _965738 |
|
| 942 |
_2ddc _cDFIL |
||
| 999 |
_c23375 _d23375 |
||